000 00397nam a2200169Ia 4500
001 4904
003 IN-NITTTR
005 20251114233004.0
008 251113s9999||||xx |||||||||||||| ||eng||
040 _beng
040 _cIN-NITTTR
041 _aeng
082 _a372.9 D569T
100 _aDikshit, S.S.
245 0 _aTeacher Education in Modern Democracies. /
_cDikshit, S.S.
942 _2ddc
_cBK
999 _c7540
_d7540